Islamic Cities by Century - Statistics

General Stats
  • This quiz has been taken 217 times
  • The average score is 9 of 15
Answer Stats
Century Description City % Correct
7th Holiest of all Cities Mecca
99%
9th Centre of the "Golden Age of Islam" Baghdad
91%
8th Umayyad Capital and One of the Oldest Cities in the World Damascus
85%
21st Host City for the 2022 FIFA World Cup Doha
75%
20th The Business and Tourist Hub of the Middle East Dubai
65%
19th "Paris of the Middle East" Beirut
61%
12th "The Victorious" Capital of the Fatimids Cairo
59%
10th Largest European City of its Time Cordoba
58%
11th The Contested City Jerusalem
54%
15th "City of the World's Desire" Constantinople
53%
14th Important Silk Road City and Capital of the Timurid Empire Samarkand
52%
17th Capital of the Safavids Known as Being "Half the World" Isfahan
34%
13th Marinid Capital Home to the World's Oldest University Fez
30%
18th Port City Known for Being a Pirate Haven Tripoli
27%
16th One of the First Capitals of the Mughals Kabul
24%
No matching quizzes found
Score Distribution
Percent of People with Each Score
Percentile by Number Answered
Your Score History
You have not taken this quiz